Progresívne biokeramické materiály na báze hydroxyapatitu pre klinické aplikácie

Salvato in:
Dettagli Bibliografici
Autore principale: Vargová, Lucia
Natura: Libro
Lingua:slovacco
Pubblicazione: Bratislava STU FCHPT 2009
Accesso online:Visualizza in OPAC
Tags: Aggiungi Tag
Nessun Tag, puoi essere il primo ad aggiungerne!!

MARC

LEADER 00000nam a2200000 a 4500
005 20260127134241.0
008 090930 2009 xo 000 0 slo d
035 |a vtls009955338 
039 9 |y 200909301321  |z mschk03 
040 |a STUSCHK1  |b slo  |c STUSCHK1  |e AACR2 
100 1 |a Vargová, Lucia 
245 1 |a Progresívne biokeramické materiály na báze hydroxyapatitu pre klinické aplikácie  |c Lucia Vargová 
260 |a Bratislava  |b STU FCHPT  |c 2009 
300 |a 28 s.  |b il.  |c 30cm 
500 |a Obháj.: 25.8. 2009 
500 |a Študijný program: chemické technológie 
500 |a Študijný odbor: 5.2.18 chemické technológie 
500 |a Fakulta chemickej a potravinárskej technológie, Odd. keramiky, skla a cementu 
500 |a Bakalárska práca 
910 |a SCHK95 
999 |c 7849  |d 7849